| 000 | 00485nam a2200157Ia 4500 | ||
|---|---|---|---|
| 008 | 190805s9999||||xx |||||||||||||| ||und|| | ||
| 020 |
_a9780143102076 _cRs. 350.00 |
||
| 082 | 0 | 4 |
_a793.73 _bOb63 |
| 100 | 1 | _aO'Brien, Derek | |
| 245 | 1 | 4 |
_aThe Ultimate India Quiz Book / _cDerek O'Brien |
| 260 |
_aHaryana : _bPenguin Random House India, _c2007 |
||
| 300 |
_avi, 273 p. _b : _c; 20 cm. |
||
| 650 | 0 |
_aQuestions and answers _xJuvenile literature |
|
| 942 | _cBK | ||
| 999 |
_c350 _d350 |
||